书目信息 |
| 题名: |
企业技术创新绩效提升与战略
|
|
| 作者: | 刘亚军 著 | |
| 分册: | ||
| 出版信息: | 北京 中央编译出版社 2012 |
|
| 页数: | 185页 | |
| 开本: | 24cm | |
| 丛书名: | ||
| 单 册: | ||
| 中图分类: | F272.5 | |
| 科图分类: | ||
| 主题词: | 企业绩效--企业管理--研究 , 企业绩效 , 企业管理 | |
| 电子资源: | ||
| ISBN: | 978-7-5117-1218-9 | |
| 000 | 01416nam0 22002771 450 | |
| 001 | 524 | |
| 005 | 20140909091620.65 | |
| 010 | @a978-7-5117-1218-9@dCNY39.00 | |
| 100 | @a20130419d2012 kemy0chiy50 ea | |
| 101 | 0 | @achi |
| 102 | @aCN@b110000 | |
| 105 | @ay z 001yy | |
| 106 | @ar | |
| 200 | 1 | @a企业技术创新绩效提升与战略@AQi Ye Ji Shu Chuang Xin Ji Xiao Ti Sheng Yu Zhan Lue@e基于智力资本、吸收能力及创新文化的影响@dTechnological innovation performance promoting and strategies of the firm@ethe influences of intellectual capital, absorptive capability and innovative culture@f刘亚军著@zeng |
| 210 | @a北京@c中央编译出版社@d2012 | |
| 215 | @a185页@d24cm | |
| 300 | @a湖南省优秀社会科学学术著作出版资助 湘潭大学优秀学术著作出版资助 湘潭大学社会主义经济理论研究中心出版资助 | |
| 330 | @a本书抓住技术创新的知识本质,以知识的类生物成长规律为依据,以智力资本、吸收能力和创新文化为前因变量,探索如何有效提升企业的技术创新绩效,并以技术后发企业为具体研究对象探讨如何实施技术追赶战略。 | |
| 510 | 1 | @aTechnological innovation performance promoting and strategies of the firm@ethe influences of intellectual capital, absorptive capability and innovative culture@zeng |
| 606 | 0 | @a企业绩效@x企业管理@x研究 |
| 606 | 0 | @a企业绩效 |
| 606 | 0 | @a企业管理 |
| 690 | @aF272.5@v5 | |
| 701 | 0 | @a刘亚军@ALiu Ya Jun@g(经济学,@f1976~)@4著 |
| 801 | 0 | @aCN@bTANGWEI@c20140603 |
| 905 | @b0836406-08@dF272.5@e1020@f3 | |
| 企业技术创新绩效提升与战略:基于智力资本、吸收能力及创新文化的影响=Technological innovation performance promoting and strategies of the firm:the influences of intellectual capital, absorptive capability and innovative culture/刘亚军著.-北京:中央编译出版社,2012 |
| 185页;24cm |
| 湖南省优秀社会科学学术著作出版资助 湘潭大学优秀学术著作出版资助 湘潭大学社会主义经济理论研究中心出版资助 |
| ISBN 978-7-5117-1218-9:CNY39.00 |
| 本书抓住技术创新的知识本质,以知识的类生物成长规律为依据,以智力资本、吸收能力和创新文化为前因变量,探索如何有效提升企业的技术创新绩效,并以技术后发企业为具体研究对象探讨如何实施技术追赶战略。 |
| ● |
| 相关链接 |
|
|
|
|
正题名:企业技术创新绩效提升与战略
索取号:F272.5/1020
 
预约/预借
| 序号 | 登录号 | 条形码 | 馆藏地/架位号 | 状态 | 备注 |
| 1 | 0836406 | 208364063 | 第一样本阅览室/ [索取号:F272.5/1020] | 在馆 | |
| 2 | 0836407 | 208364072 | 密集书库-海洋学院/ [索取号:F272.5/1020] | 在馆 | |
| 3 | 0836408 | 208364081 | 第一借阅区/ [索取号:F272.5/1020] | 在馆 |